Mezerovitý plod /

Experimentální próza je sledem impresí ze života ženy, která intenzivně prožívá minulost i současnou složitou životní situaci.

Main Author: Šikulová, Veronika, 1967-
Other Authors: Tučková, Kateřina, 1980-
Language: Czech
Published: [Brno] : Větrné mlýny, 2019
Edition: V češtině vydání první
Series: Česi, čítajte
Physical Description: 204 stran ; 18 cm
Book
Saved in:
LEADER 02377cam a2200469 i 4500
001 nkc20193133393
003 CZ PrNK
005 20200525140822.0
007 ta
008 190916s2019 xr g 000 f cze d
015 |a cnb003133393 
020 |a 978-80-7443-346-7  |q (vázáno) 
035 |a (OCoLC)1143819830 
040 |a OSA001  |b cze  |d ABG001  |e rda 
041 1 |a cze  |h slo 
072 7 |a 821.162.4  |x Slovenská literatura  |2 Konspekt  |9 25 
080 |a 821.162.4-3  |2 MRF 
080 |a (0:82-3)  |2 MRF 
100 1 |a Šikulová, Veronika,  |d 1967-  |7 ola2002154007  |4 aut 
240 1 0 |a Medzerový plod.  |l Česky 
245 1 0 |a Mezerovitý plod /  |c Veronika Šikulová ; ze slovenského originálu Medzerový plod přeložila Kateřina Tučková 
250 |a V češtině vydání první 
264 1 |a [Brno] :  |b Větrné mlýny,  |c 2019 
300 |a 204 stran ;  |c 18 cm 
336 |a text  |b txt  |2 rdacontent 
337 |a bez média  |b n  |2 rdamedia 
338 |a svazek  |b nc  |2 rdacarrier 
490 1 |a Česi, čítajte ;  |v svazek 14 
520 2 |a Experimentální próza je sledem impresí ze života ženy, která intenzivně prožívá minulost i současnou složitou životní situaci.  |b Čtenář je proudem vyprávění vtažen do barvitých vzpomínek hlavní hrdinky, která jimi uniká z reality vlastního údělu. Zatímco se její matka léčí na onkologii a ostatní rodinní příslušníci kráčejí po vlastních cestách, ona mísí osobní i rodinnou historii s aktuálními emocemi. Pod nánosem všedních drobností je vykreslen portrét ženy, která je konfrontována s tokem života, přinášejícím proměny lidí, vztahů i města Modry. Tato reflexivní próza je podle nakladatelského medailonku autorky autobiografická. 
655 7 |a slovenské prózy  |7 fd183401  |2 czenas 
655 7 |a experimentální prózy  |7 fd119292  |2 czenas 
655 9 |a Slovak prose  |2 eczenas 
655 9 |a experimental prose  |2 eczenas 
700 1 |a Tučková, Kateřina,  |d 1980-  |7 mzk2006348534  |4 trl 
830 0 |a Česi, čítajte  |0 s 
910 2 |a BOA001  |b 1-1434.837 
920 |a 4497632  |z ABG001 
990 |a BK 
995 |a 01 
991 |b 201911  |c NOV 
996 6 |b 2610803216  |c 1-1434.837  |l MZK  |r Sklad / do 1 hodiny  |n 0  |p p.v.  |w 001765212  |u 000010  |a 1  |e BOA001  |j MZK50  |s P 
996 7 |b 2610803217  |c 1-1434.837  |l MZK  |r Sklad / do 1 hodiny  |n 4  |p dar  |w 001765212  |u 000020  |a 1  |e BOA001  |j MZK50  |s A